Geography Quiz

Random Geography or City Quiz
Score 0/87 Timer 12:00
7 Plays Today
% Correct
New York
98.6%
San Francisco
97.6%
San Diego
97.6%
San Jose
97.6%
San Antonio
97.6%
San Bernardino
97.6%
San Buenaventura, ​CA
97.6%
San Mateo, ​CA
97.6%
San Angelo
97.6%
New Orleans
96.2%
New Haven
96.2%
East Los Angeles, ​CA
96%
North Las Vegas
94.2%
Salt Lake City
93.8%
West Valley City
93.3%
Oklahoma City
92.2%
Kansas City
92.1%
Kansas City
92.1%
Los Angeles
91.7%
Jersey City
90.1%
Port St. Lucie
89.9%
West Palm Beach, ​FL
88.9%
St. Paul
88.9%
St. Louis
88.9%
St. Petersburg
88.8%
Daly City, ​CA
88.7%
Las Vegas
88.1%
Las Cruces
87.7%
South Bend
80.7%
% Correct
North Charleston
79.5%
Virginia Beach
79.2%
Fort Worth
79%
Fort Collins
79%
Fort Lauderdale
79%
Fort Wayne
78.7%
West Jordan
78.7%
West Covina, ​CA
78.6%
Long Beach
77.6%
Huntington Beach
76.4%
Pompano Beach, ​FL
76.2%
Green Bay
76%
El Paso
75.9%
El Monte, ​CA
75.7%
El Cajon, ​CA
75.6%
Little Rock
75%
Palm Bay
69.7%
Des Moines
68.5%
Spring Valley, ​NV
67.5%
Santa Ana
67.5%
Spring Hill
67.4%
Santa Clara
67.2%
Santa Maria
67.2%
Santa Rosa
67.2%
Santa Clarita
67.2%
Baton Rouge
64.5%
Sioux Falls
61.7%
Colorado Springs
61.4%
Grand Rapids
56.2%
% Correct
Wichita Falls
55.8%
Coral Springs
54.6%
Sandy Springs
54.1%
Grand Prairie
45.6%
Corpus Christi
44.3%
Cedar Rapids
43.5%
Ann Arbor
43.4%
Round Rock
42.8%
Moreno Valley
40.5%
Simi Valley, ​CA
40.5%
Jurupa Valley, ​CA
40.3%
Overland Park
33%
Miami Gardens
28.5%
Newport News
27.8%
High Point
27.8%
Cape Coral
27.1%
The Woodlands
26.8%
Garden Grove, ​CA
22.7%
Sterling Heights
21.9%
Chula Vista
21.3%
College Station
19.1%
Elk Grove
17.6%
Broken Arrow
16.6%
Highlands Ranch
15.4%
Thousand Oaks, ​CA
13.3%
Pembroke Pines
13%
Rancho Cucamonga, ​CA
12.8%
Costa Mesa, ​CA
12.5%
Sunrise Manor, ​NV
5.6%

You're not logged in!

Compare scores with friends on all Sporcle quizzes.
OR
Log In

Sporcle TV

Today on Sporcle TV


Watch our educational content, quiz creation guides, and fun videos on Sporcle TV.

Show Comments

Extras

Top Quizzes Today


Score Distribution

Paid Content

Your Account Isn't Verified!

In order to create a playlist on Sporcle, you need to verify the email address you used during registration. Go to your Sporcle Settings to finish the process.

Report this User

Report this user for behavior that violates our Community Guidelines.

Details: